Länder, die auf Stan enden - Statistiken

Allgemein
  • Dieses Quiz wurde 98 mal gespielt
  • Das Durchschnittsergebnis liegt bei 7 aus 7
Antwortstatistiken
Länder % Korrekt
Turkmenistan
97%
Usbekistan
97%
Kirgistan
96%
Kasachstan
94%
Pakistan
90%
Afghanistan
89%
Tadschikistan
89%
Keine übereinstimmenden Quizze gefunden
Verteilung der Resultate
Anzahl Personen mit jedem Resultat
Perzentil nach korrekt beantworteten Fragen
Ihre Resultats-Entwicklung
Sie haben dieses Quiz noch nicht gespielt